Termodinamica del equilibrio

Saved in:
Bibliographic Details
Main Author: Adkins, C. J.
Format: Unknown
Language:English
Published: Barcelona, España. Reverté, 1977
Subjects:
Tags: Add Tag
No Tags, Be the first to tag this record!

MARC

LEADER 00000 a2200000 4500
003 CL-VaPUC
005 20211210135103.0
008 211109b1977 ||||| |||| 00| 0 eng d
999 |c 433597  |d 433595 
020 |a 9788429141450 
040 |c Pontificia Universidad Católica de Valparaíso 
082 |a 536.7 ADK 1977  |2 22 
100 1 |a Adkins, C. J.   |9 863068 
245 |a Termodinamica del equilibrio 
260 |a Barcelona, España.  |b Reverté,   |c 1977 
300 |a 269 páginas  
583 |k Cristina María Rojas Aguilar  |c 20211109 
650 0 |a Termodinámica   |9 259320 
650 0 |a Equilibrio termodinámico  |9 864219 
942 |2 ddc  |c BK 
952 |0 0  |1 0  |2 ddc  |4 0  |6 536_700000000000000_ADK_1977  |7 0  |8 A  |9 579202  |a BIBCUR  |b BIBCUR  |d 2021-11-09  |e 3  |g 24781.00  |i 562567K  |l 4  |o 536.7 ADK 1977  |p 562567K  |r 2025-04-22  |s 2023-06-29  |t 1  |v 24781.00  |w 2021-11-09  |y BK  |k FIS 
952 |0 0  |1 0  |2 ddc  |4 0  |6 536_700000000000000_ADK_1977  |7 0  |8 A  |9 579203  |a BIBCUR  |b BIBCUR  |d 2021-11-09  |e 3  |g 24781.00  |i 5625688  |l 1  |o 536.7 ADK 1977  |p 5625688  |r 2025-04-22  |s 2023-05-18  |t 2  |v 24781.00  |w 2021-11-09  |y BK  |k FIS